10 Most Populous Cities in Maryland - Statistics

General Stats
  • This quiz has been taken 34 times
  • The average score is 5 of 10
Answer Stats
Population City % Correct
559,266 Baltimore
100%
40,445 Annapolis
70%
88,270 Frederick
61%
67,284 Rockville
55%
69,589 Gaithersburg
45%
43,563 Hagerstown
39%
29,205 Laurel
39%
56,924 Bowie
36%
34,016 College Park
36%
33,204 Salisbury
33%
No matching quizzes found
Score Distribution
Percent of People with Each Score
Percentile by Number Answered
Your Score History
You have not taken this quiz